Media Coverage of Sport from the Perspective of Antimonopoly Law

Otázka miesta, ktoré má šport vo fáze definovania relevantných trhov v mediálnom sektore. Skúmanie váhy vysielacích práv v rámci športových podujatí pri posudzovaní dominantného postavenia na relevantnom mediálnom trhu. Hodnotenie obchodných praktík na relevantných mediálnych trhoch (spolu)vytváraný...

Descrizione completa

Salvato in:
Dettagli Bibliografici
Autore principale: Lapšanský, Lukáš
Natura: Capitolo di libro
Lingua:inglese
Soggetti:
Tags: Aggiungi Tag
Nessun Tag, puoi essere il primo ad aggiungerne!!

MARC

LEADER 00000naa a2200000 4500
001 0282643
005 20220318130258.1
041 0 |a eng 
044 |a SK 
245 1 0 |a Media Coverage of Sport from the Perspective of Antimonopoly Law  |c Lukáš Lapšanský 
520 |a Otázka miesta, ktoré má šport vo fáze definovania relevantných trhov v mediálnom sektore. Skúmanie váhy vysielacích práv v rámci športových podujatí pri posudzovaní dominantného postavenia na relevantnom mediálnom trhu. Hodnotenie obchodných praktík na relevantných mediálnych trhoch (spolu)vytváraných športom. 
610 2 0 |a médiá 
610 2 0 |a šport 
610 2 0 |a súťaž hospodárska 
610 2 0 |a právo protimonopolné 
610 2 0 |a prostriedky masovokomunikačné 
100 1 |a Lapšanský, Lukáš